000 00617nam a2200193 a 4500
005 20230927063745.0
008 991125s1996 mx 000 0 spa u
020 _a9684963114
035 _aUPN01000054648
049 _aCG
050 4 _aF1219.1 011
_bR6.7
100 1 _aRomero, María de los Angeles
245 1 3 _aEl sol y la cruz :
_blos pueblos indios de Oaxaca colonial /
_cMaría de los Angeles Romero.
260 _aMéxico :
_bCIESAS :
_bINI,
_c1996.
300 _a291 p. :
_bil.
440 0 _aHistoria de los pueblos indígenas de México
650 4 _aIndígenas de México
_zOaxaca
_914859
905 _aLibro
999 _c54648
_d54648